Proceedings of National conference on advances in recent trends in communication and networks : (Record no. 43062)

MARC details
000 -LEADER
fixed length control field 00979nam a22002297a 4500
005 - DATE AND TIME OF LATEST TRANSACTION
control field 20100825122438.0
010 ## - LCCN (DPL NO)
LC control number ENG-101303
020 ## - INTERNATIONAL STANDARD BOOK NUMBER
International Standard Book Number 9788184245646
Terms of availability 900.00
035 ## - SYSTEM CONTROL NUMBER
System control number EN-84835
037 ## - SOURCE OF ACQUISITION
Source of stock number/acquisition DBAD/PUB
082 ## - DEWEY DECIMAL CLASSIFICATION NUMBER
Classification number 621.3821
100 ## - MAIN ENTRY--PERSONAL NAME
Personal name Advances in Recent Trends in Communication and Networks (January15-16, 2010 : Ashta)
245 ## - TITLE STATEMENT
Title Proceedings of National conference on advances in recent trends in communication and networks :
Remainder of title ARTCON 2010 /
260 ## - PUBLICATION, DISTRIBUTION, ETC. (IMPRINT)
Name of publisher, distributor, etc Allied Publishers
Place of publication, distribution, etc New Delhi
Date of publication, distribution, etc 2009
270 ## - ADDRESS
City New Delhi
Address A-104 Mayapuri Phase II
Postal code 110064
300 ## - PHYSICAL DESCRIPTION
Extent xxii, 275p.:
Dimensions 28cm (Hb)
Accompanying material b&w photos
Other physical details ill.
500 ## - GENERAL NOTE
General note Includes index
650 ## - SUBJECT ADDED ENTRY--TOPICAL TERM
Topical term or geographic name as entry element Wireless communication systems
650 ## - SUBJECT ADDED ENTRY--TOPICAL TERM
Topical term or geographic name as entry element Integrated services digital networks
942 ## - ADDED ENTRY ELEMENTS (KOHA)
Source of classification or shelving scheme Dewey Decimal Classification
Item type English Books
Classification part 621.3821
Call number suffix PRO
Holdings
Withdrawn status Lost status Not for loan Collection code Home library Current library Date acquired Source of acquisition Cost, normal purchase price Full call number Barcode Copy number Cost, replacement price Koha item type
    Not For Loan Non-fiction D.B.Act.Division D.B.Act.Division 25/08/2010 DBAD/PUB 900.00 621.3821 PRO EN-84836 1 900.00 English Books

© Delhi Public Library
Hit Counter
free hit counter